| 000 | 00791nam a2200217Ii 4500 | ||
|---|---|---|---|
| 003 | JO-AjNU | ||
| 008 | 230605s9999||||xx |||||||||||||| ||und|| | ||
| 017 | _a93/8324 | ||
| 020 | _a977-200-063-6 | ||
| 040 |
_aJO-AjNU _bara _erda _cJO-AjNU |
||
| 041 | _aara | ||
| 050 | 1 | 4 | _aBL485.I2678 1993 |
| 100 | 3 |
_aالكلبي، هشام بن محمد بن السائب؛ تحقيق أحمد، محمد عبد القادر ، تحقيق عبيد، احمد محمد تحقيق, _eauthor _936303 |
|
| 245 | 0 | 0 | _aكتاب الأصنام |
| 264 | 3 | 1 | _aالقاهرة:مكتبة النهضة المصرية ،1993 |
| 300 | _a124ص | ||
| 336 |
_atext _btxt _2rdacontent |
||
| 337 |
_aunmediated _bn _2rdamedia |
||
| 338 |
_avolume _bnc _2rdacarrier |
||
| 650 | 4 |
_aالاصنام-الوثنية _936304 |
|
| 999 |
_aA15070 _c18638 _d18638 |
||